000 01817cam0 2200409 ib4500
001 BY-NLB-br0001878939
005 20251219163523.0
010 ^a978-985-7299-90-4
^d2 р.
100 ^a20231205d2023 b y0bely50 ca
101 0 ^abel
102 ^aBY
105 ^aa z 000oy
106 ^9kn
^ar
109 ^ama
200 1 ^aБабуліны пончыкі
^e[для дзяцей дашкольнага ўзросту
^eдля чытання дарослымі дзецям
^fБагдановіч Лёля]
210 ^aМінск
^cА. М. Вараксін
^d2023
215 ^a[8] с.
^cкаляр. іл.
^d20 см
225 1 ^aСерыя "Бабуліны казкі"
304 ^aАўтар паказаны перад выпускнымі данымі
333 ^a0+
345 ^92 000 экз.
608 ^aЛИТЕРАТУРНАЯ СКАЗКА
^3BY-NLB-ar16440
^2BYGNR
608 ^3BY-NLB-ar16441
^aЛІТАРАТУРНАЯ КАЗКА
^2BYGNR
608 ^aДЕТСКАЯ И ЮНОШЕСКАЯ ЛИТЕРАТУРА (художеств. произведение)
^3BY-NLB-ar9019
^2BYGNR
608 ^aДЗІЦЯЧАЯ І ЮНАЦКАЯ ЛІТАРАТУРА (мастацкі твор)
^3BY-NLB-ar9020
^2BYGNR
615 ^3BY-SEK-ar1826174
^aБелорусский национальный документ
686 ^aД
^2rubbk
690 ^a1
^2Base
^9BY-MI0012
^xRSEK
700 1 ^3BY-SEK-ar6535745
^aБагдановіч
^bЛ. У.
^gЛёля Уладзіміраўна
^cпаэтэса
^fнар. 1949
801 0 ^aBY
^bBY-HM0000
^c20231205
^gRCR
801 2 ^aBY
^bBY-BR0000
^c20240911
^gRCR
801 2 ^aBY
^bBY-HO0028
^c20250904
801 2 ^aBY
^bBY-MI0012
^c20251219
^gRCR
035 ^a(BY-MI0012)BY-NLB-br0001878939
899 0 ^aBY-MI0012
^iБ 14
^hД